Za Európskou úniou treba šprintovať

Analýza Viedenského inštitútu pre porovnanie hospodárstiev v krajinách s prechodnou ekonomikou. Porovnanie reálneho hrubého domáceho produktu na 1 obyvateľa. Reálne zvyšovanie cien na jednotkové pracovné náklady. Úroveň a prognózy príjmov na 1 obyvateľa.

Na minha lista:
Detalhes bibliográficos
Autor principal: Zsille, Z.
Formato: Capítulo de Livro
Idioma:eslovaco
Assuntos:
Tags: Adicionar Tag
Sem tags, seja o primeiro a adicionar uma tag!

MARC

LEADER 00000naa a2200000 4500
001 r020429
005 20251104124124.8
041 0 |a slo 
044 |a SK 
245 1 0 |a Za Európskou úniou treba šprintovať  |c Z. Zsille 
520 |a Analýza Viedenského inštitútu pre porovnanie hospodárstiev v krajinách s prechodnou ekonomikou. Porovnanie reálneho hrubého domáceho produktu na 1 obyvateľa. Reálne zvyšovanie cien na jednotkové pracovné náklady. Úroveň a prognózy príjmov na 1 obyvateľa. 
610 2 0 |a Európska únia 
610 2 0 |a rozvoj hospodársky 
610 2 0 |a produkt domáci hrubý 
610 2 0 |a ceny 
610 2 0 |a príjmy obyvateľstva 
610 2 0 |a situácia hospodárska 
610 2 0 |a stredná Európa 
610 2 0 |a východná Európa 
100 1 |a Zsille, Z.